• 首页
  • 本馆介绍
  • 公告通知
  • 最新文献
  • 馆藏检索
  • 电子资源
  • 读者导购
  • 参考咨询
  • 我的图书馆
  • 登录
  • 详细信息显示
  • 放入我的书架
  • 预约/预借图书
  • 作者相关作品
  • 分类相关作品
  • 丛书相关作品
  • 出版社相关作品

书目信息

  • 表格格式
  • 工作单格式
  • 卡片格式
题名:
新中国经济史
    
 
作者: 苏星 著
分册:  
出版信息: 北京   中共中央党校出版社  1999
页数: 819页
开本: 23cm
丛书名:
单 册:
中图分类: F129.7
科图分类:
主题词: 经济史--中国--1949~1997
电子资源:
ISBN: 7-5035-2003-5
000 00603nam0 2200217 45
001 2000004834
005 20031219104120.0
010    @a7-5035-2003-5@b精装@dCNY98.00
100    @a20000126d1999 em y0chiy0121 eb
101 0  @achi
102    @aCN@b110000
105    @af z 000yy
106    @ar
200 10 @a新中国经济史@Axin zhong guo jing ji shi@f苏星著
210    @a北京@c中共中央党校出版社@d1999
215    @a819页@c照片@d23cm
606    @a经济史@y中国@z1949~1997
690    @aF129.7@v4
701  0 @a苏星@4著@Asu xing
801    @aCN@bTSTC@c20031015
905    @a213230@b326884-888@dF129.7@e64@f5
    
    新中国经济史/苏星著.-北京:中共中央党校出版社,1999
    819页:照片;23cm
    
    
    ISBN 7-5035-2003-5(精装):CNY98.00
    
●
相关链接 在E读中查询图书 在五车中查询图书 在当当中查询图书 在豆瓣中查询图书


正题名:新中国经济史     索取号:F129.7/64         预约/预借

序号 登录号 条形码 馆藏地/架位号 状态 备注
1 0326884   203268846   第一借阅区/ [索取号:F129.7/64] 在馆    
2 0326885   203268855   第一借阅区/ [索取号:F129.7/64] 在馆    
3 0326886   203268864   第一借阅区/ [索取号:F129.7/64] 在馆    
4 0326887   203268873   第一借阅区/ [索取号:F129.7/64] 在馆    
5 0326888   203268882   第一样本阅览室/ [索取号:F129.7/64] 在馆    
唐山师范学院图书馆 欢迎您!
大连网信软件有限公司© 版权所有